|
|
|
|
| LEADER |
00947nam a2200253 a 4500 |
| 001 |
c000214435 |
| 003 |
CARM |
| 005 |
19931217000000.0 |
| 008 |
870226s1985 vraa s000 0 eng d |
| 019 |
1 |
|
|a 4245503
|5 LACONCORD2021
|
| 035 |
|
|
|a (OCoLC)220340442
|5 LACONCORD2021
|
| 040 |
|
|
|a VSL
|b eng
|c VSL
|d DBM:B
|
| 042 |
|
|
|a anuc
|
| 043 |
|
|
|a u-at-vi
|
| 082 |
0 |
4 |
|a 354.94500875
|2 19
|
| 110 |
1 |
|
|a Victoria.
|b Ministry of Transport.
|
| 245 |
1 |
0 |
|a Moving Victoria :
|b the 1985-86 Victorian Government transport budget & capital works program.
|
| 260 |
|
|
|a Melbourne :
|b Victoria Transport,
|c [1985]
|
| 300 |
|
|
|a [24] p. :
|b ill. ;
|c 25 cm.
|
| 500 |
|
|
|a Cover title.
|
| 650 |
|
0 |
|a Transportation and state
|z Victoria.
|
| 852 |
8 |
|
|b CARM
|h A2:AP20B0
|i C07866
|p 0253304
|f BK
|
| 999 |
f |
f |
|i 9ce4ad8e-adc3-5868-bf1c-6d181d8da74f
|s d46b712a-14e3-5760-a218-48a0014cabb8
|
| 952 |
f |
f |
|p Can circulate
|a CAVAL
|b CAVAL
|c CAVAL
|d CARM 1 Store
|e C07866
|f A2:AP20B0
|h Other scheme
|i book
|m 0253304
|